Cirugía del aparato digestivo / (Record no. 33218)

MARC details
000 -LEADER
campo de control de longitud fija 00708nam a2200205 i 4500
001 - NÚMERO DE CONTROL
campo de control 33218
003 - IDENTIFICADOR DE NÚMERO DE CONTROL
campo de control ES-MaACL
007 - CAMPO FIJO DE DESCRIPCIÓN FÍSICA--INFORMACIÓN GENERAL
campo de control de longitud fija t|
008 - DATOS DE LONGITUD FIJA--INFORMACIÓN GENERAL
campo de control de longitud fija 030201s1961 sp ||||1| spa d
100 1# - ENTRADA PRINCIPAL--NOMBRE DE PERSONA
Nombre de persona Bickham, Warren Stone.
9 (RLIN) 28784
245 10 - MENCIÓN DEL TÍTULO
Título Cirugía del aparato digestivo /
Mención de responsabilidad, etc. por Richard T. Shackelford, con la colaboración de Hammond J. Dugan ; traducido por V. Artigas ... Bickham-Callander.
250 ## - MENCION DE EDICION
Mención de edición 1ª ed.
260 ## - PUBLICACIÓN, DISTRIBUCIÓN, ETC.
Lugar de publicación, distribución, etc. Barcelona :
Nombre del editor, distribuidor, etc. Salvat,
Fecha de publicación, distribución, etc. [1961]
300 ## - DESCRIPCIÓN FÍSICA
Extensión 3 v. :
Otras características físicas il. ;
Dimensiones 26 cm.
700 1# - ENTRADA AGREGADA--NOMBRE PERSONAL
Nombre de persona Callander, Curle Latimer.
9 (RLIN) 33687
700 1# - ENTRADA AGREGADA--NOMBRE PERSONAL
Nombre de persona Shackelford, Richard T.
9 (RLIN) 105976
700 1# - ENTRADA AGREGADA--NOMBRE PERSONAL
Nombre de persona Dugan, Hammond J.
9 (RLIN) 45922
700 1# - ENTRADA AGREGADA--NOMBRE PERSONAL
Nombre de persona Artigas, V.
9 (RLIN) 23468
852 ## - LOCALIZACIÓN
Ubicación ES-MaACL
Número de control de estantería B-4649-51
Sublocalización o colección R.47919
Holdings
Estatus retirado Estado de pérdida Estado de daño No para préstamo Biblioteca de origen Biblioteca actual Ubicación en estantería Fecha de adquisición Fuente de adquisición Total de préstamos Signatura topográfica completa Código de barras Visto por última vez Precio de reemplazo Tipo de ítem Koha
        Biblioteca del Ateneo de Madrid Biblioteca del Ateneo de Madrid Sala Pardo Bazán 17/01/2008     B-4649-51 1034534 23/02/2023 23/02/2023 Libro impreso